| 000 | 01098 a2200217 4500 | ||
|---|---|---|---|
| 001 | 54240 | ||
| 005 | 20260407155813.0 | ||
| 008 | 260407a1951 arg spa d | ||
| 003 | AR-UNSa-BCEJYS | ||
| 040 |
_aAR-UNSa-BCEJYS _bspa _cAR-UNSa-BCEJYS |
||
| 080 |
_a314.12 _xTeorías sobre la población |
||
| 245 | 1 | 0 | _aEnsayo sobre el principio de la población |
| 264 | 1 |
_aMéxico : _bFondo de Cultura Económica _c1951 |
|
| 300 |
_a619 p. _c24 cm. |
||
| 505 | _a1. Sobre las limitaciones del desarrollo de la población en las partes menos civilizadas del mundo y en la antigüedad – 2. Sobre las limitaciones de la población en los diferentes estados de la Europa moderna – 3. De los diferentes sistemas o expedientes que se han prevalecido a la sociedad, en cuanto afectan a los males que provienen del principio de la población – 4. De las futuras probabilidades de suprimir o aliviar a los males que se derivan del principio de la población. | ||
| 041 | _aspa | ||
| 942 | _cBK | ||
| 590 | _aniveau_biblio:m niveau_hierar:0 | ||
| 100 | 1 | _aMalthus, Thomas R. | |
| 700 | 1 | _aOrtiz, Teodoro | |
| 999 |
_c5411 _d5411 |
||